00850nam a2200217 a 4500001001000000003000900010005001700019008004100036040002500077082002300102100006100125245008700186250001200273260006400285300002100349490008600370500004200456650002200498650002700520830008500547000011381DO-SdBNP20240412074226.0091016s1953 dr 000 0 spa d aDO-SdBNPbspacBNPHU 4aRD862.2bA594i2221 aAngulo Guridi, Javier F.,d1816-1884q(Francisco Javier)10aIguaniona :bdrama histórico en verso y en tres actos, 1867 /cJavier A. Guridi. a2a. ed. aCiudad Trujillo, República Dominicana :bMontalvo,c1953. a112 p. ;c22 cm.0 aColección Conmemorativa del Primer Centenario de la Logia Cuna de Américav 1 aIncluye notas al pie de las páginas 0aTeatro dominicano 0aLiteratura dominicana. aColección Conmemorativa del Primer Centenario de la Logia Cuna de Américan1